|
|
|
|
| LEADER |
00000nab a2200000 a 4500 |
| 001 |
vtls008988178 |
| 003 |
SK-MaSNL |
| 005 |
20260303065042.0 |
| 008 |
070511c20070307xo dr n 000 00slo |
| 038 |
|
|
|a SVKPOCL
|
| 040 |
|
|
|a SVKPOCL
|b slo
|c AACR2
|e AACR2
|
| 041 |
|
|
|a slo
|
| 044 |
|
|
|a xo
|c SK
|
| 080 |
|
|
|a 614.2
|2 2001
|
| 080 |
|
|
|a 61-051
|2 2001
|
| 245 |
0 |
0 |
|a Nemocnicu povedie žena
|c [autor] (ado)
|
| 300 |
|
|
|a Fotogr.
|
| 600 |
1 |
7 |
|a Pažinková, Monika
|2 svkpocl
|9 19130
|
| 610 |
2 |
7 |
|a Fakultná nemocnica s poliklinikou J. A. Reimana (Prešov, Slovensko)
|x nový riaditeľ
|2 svkpocl
|9 1064588
|
| 650 |
0 |
7 |
|a nový riaditeľ
|2 svkpocl
|9 1064589
|
| 651 |
|
7 |
|a Prešov (Slovensko)
|2 svkpocl
|9 17347
|
| 773 |
0 |
|
|t Prešovský večerník
|g Roč. XVIII, č. 4153 (7.3.2007), s. 2
|x 1336-4030
|
| 852 |
|
|
|a SVKPO
|b KIS3GCP
|
| 856 |
4 |
1 |
|u www.vecernik.po.sk
|
| 958 |
|
|
|a RG
|
| 999 |
|
|
|c 1749608
|d 1751538
|